000 00905nac a22002657a 4500
001 BR6000343
003 BR-BrBNA
005 20240105121858.0
008 230509b bl.|||m| |||| 00| 0 por d
040 _aBR-BrBNA
_bpor
_cBiblioteca Nacional de Agricultura
072 _aL10
090 _a5240 BR6000343
100 1 _aBarreto, J.F.
100 1 _aMies Filho, A.
110 1 _aMinisterio da Agricultura, Rio de Janeiro, GB (Brasil). Servico de Documentacao
_96967
245 1 _aInseminacao artificial em ovinos
260 3 _aRio de Janeiro, GB (Brasil):
_c1946.
300 _a72 p.
490 _aS.D.A. - Ministerio da Agricultura. Servico de Documentacao (Brazil)
_vno. 298
_x
500 _aReprint of "Boletim de Inseminacao Artificial v. 1(1)Jul-Sep 1944
650 _aOvino
650 _aInseminacao Artificial
909 _a202312
_bLúcia Elande
_c55
_dLúcia Elande
942 _2AGRIS
_n0
_cMS
999 _c287998
_d287998